| 000 | 00384 a2200145 4500 | ||
|---|---|---|---|
| 082 | _a300.72 | ||
| 090 |
_c7036 _d7036 |
||
| 100 | _aJohnw,Creswell | ||
| 245 |
_aResearch Design:Qualitative,Quantative and Mixed Methods Approaches. _cJohnw Creswell |
||
| 250 | _a2nd. | ||
| 260 |
_aNew Delhi _bSaga _c2003 |
||
| 300 | _a245p. | ||
| 500 | _aPaper cover | ||
| 942 |
_aNBS _cBK _k300.72 JOH |
||
| 999 |
_c349368 _d349368 |
||